| 000 | 00934nam a2200253Ia 4500 | ||
|---|---|---|---|
| 003 | OSt | ||
| 005 | 20220923215511.0 | ||
| 006 | a|||||r|||| 00| 0 | ||
| 007 | ta | ||
| 008 | 220922b |||||||| |||| 00| 0 hin d | ||
| 024 | _a179,341 | ||
| 037 | _cTextual | ||
| 040 |
_aARTS _cARTS _bhin |
||
| 041 |
_2hin _ahin |
||
| 082 | _aO152,1I83:g(S), L7 | ||
| 100 |
_aअग्निहोत्री, शैल बाला _9160075 |
||
| 245 | 0 | _aसूर साहित्य का मनोवैज्ञानिक विवेचन | |
| 246 | _aSūr sāhitya kā hinovaijnyānik vivechana | ||
| 260 |
_aकानपुर _b अभिलाषा प्रकाशन _c1977 |
||
| 300 |
_a377 पृ. _ccm. |
||
| 650 |
_aहिन्दी साहित्य _9156264 |
||
| 942 |
_hO152,1I83:g(S), L7 _cTEXL _2CC |
||
| 999 |
_c332722 _d332722 |
||